000 00736nam a22002417a 4500
999 _c13326
_d13326
003 AR-CdUCM
008 190412b ||||| |||| 00| 0 spa d
020 _a978-612-321-020-5
040 _aMUNICIPALIDAD PROVINCIAL DEL CUSCO
_cBIBLIOTECA MUNICIPAL DEL CUSCO
082 _aEP / 372.808 /
_bE83
100 _aEslava, Jorge
_925304
245 _aUn Superhéroe en Casa /
260 _aLima :
_bSantillana ;
_c2016.
300 _a44 páginas ;
_bIlustraciones
_c22cm
440 _aLoqueleo
_931693
505 _aContenido: Cuentos
650 _aCuentos
_9312
650 _aEducación primaria
_91561
700 _aLoli, Ana (edición)
_931694
856 _fwww.loqueleo.com
942 _2ddc
_cLIBROS
945 _anom
_d2019-04-12